LIBRARY & INFORMATION CENTRE, KCAET, TAVANUR

ONLINE PUBLIC ACCESS CATALOGUE (OPAC)

Rugminee swayamvaram / (Record no. 6260)

MARC details
000 -LEADER
fixed length control field 00499cam a2200193ua 4500
041 ## - LANGUAGE CODE
Language code of text/sound track or separate title mal
082 ## - DEWEY DECIMAL CLASSIFICATION NUMBER
Classification number 894.8121
Item number CHE/RU
100 ## - MAIN ENTRY--AUTHOR NAME
Personal name Cherusseri, .
245 ## - TITLE STATEMENT
Title Rugminee swayamvaram /
260 ## - PUBLICATION, DISTRIBUTION, ETC. (IMPRINT)
Place of publication Kozhikode :
Name of publisher Touring book stall ,
Year of publication 1972.
300 ## - PHYSICAL DESCRIPTION
Number of Pages 83 ; .
490 0# - SERIES STATEMENT
Series statement Purana Kavyamala Series,
Volume number/sequential designation
942 ## - ADDED ENTRY ELEMENTS (KOHA)
Koha item type Books
Holdings
Withdrawn status Lost status Damaged status Home library Current library Date acquired Full call number Accession Number Koha item type
      KAUAET KAUAET 07/04/2012 894.8121 13452 Books
free website counter